书目信息 |
| 题名: |
蒙古秘史
|
|
| 作者: | 特·官布扎布 , 阿斯钢 译 | |
| 分册: | ||
| 出版信息: | 北京 新华出版社 2006 |
|
| 页数: | 282页 | |
| 开本: | 23cm | |
| 丛书名: | ||
| 单 册: | ||
| 中图分类: | K281.2 | |
| 科图分类: | ||
| 主题词: | 蒙古族--民族历史--中国--古代 | |
| 电子资源: | ||
| ISBN: | 7-5011-7357-5 | |
| 000 | 00905nam0 2200241 450 | |
| 001 | 012006008019 | |
| 005 | 20061123143518.78 | |
| 010 | @a7-5011-7357-5@dCNY68.00 | |
| 100 | @a20060321d2006 em y0chiy0110 ea | |
| 101 | 0 | @achi |
| 102 | @aCN@b110000 | |
| 105 | @aab z 000yy | |
| 200 | 1 | @a蒙古秘史@9meng gu mi shi@e现代汉语版@f特·官布扎布,阿斯钢译 |
| 210 | @a北京@c新华出版社@d2006 | |
| 215 | @a282页@c图,地图@d23cm | |
| 300 | @a被联合国教科文组织列为世界名著 蒙古民族现存最早的历史文学长卷 | |
| 330 | @a本书是一部记述蒙古民族形成、发展、壮大之历程的历史典籍,它从成吉思汗二十二代先祖孛儿帖赤那、豁埃马阑勒写起,直至斡歌歹罕十二年为止,共记载了蒙古民族五百年盛衰成败的历史。 | |
| 606 | 0 | @a蒙古族@x民族历史@y中国@z古代 |
| 690 | @aK281.2@v4 | |
| 701 | 0 | @a特·官布扎布@9te· guan bu zha bu@4译 |
| 701 | 0 | @a阿斯钢@9a si gang@4译 |
| 801 | 0 | @aCN@bRENTIAN@c20061123 |
| 905 | @a10447@dK281.2@e51 | |
| 蒙古秘史:现代汉语版/特·官布扎布,阿斯钢译.-北京:新华出版社,2006 |
| 282页:图,地图;23cm |
| 被联合国教科文组织列为世界名著 蒙古民族现存最早的历史文学长卷 |
| ISBN 7-5011-7357-5:CNY68.00 |
| 本书是一部记述蒙古民族形成、发展、壮大之历程的历史典籍,它从成吉思汗二十二代先祖孛儿帖赤那、豁埃马阑勒写起,直至斡歌歹罕十二年为止,共记载了蒙古民族五百年盛衰成败的历史。 |
| ● |
| 相关链接 |
|
|
|
|
正题名:蒙古秘史
索取号:K281.2/51
 
预约/预借
| 序号 | 登录号 | 条形码 | 馆藏地/架位号 | 状态 | 备注 |
| 1 | 0390621 | 203906210 | 第二样本阅览室/ [索取号:K281.2/51] | 在馆 | |
| 2 | 0390622 | 203906229 | 第二借阅区/ [索取号:K281.2/51] | 在馆 | |
| 3 | 0390623 | 203906238 | 第二借阅区/ [索取号:K281.2/51] | 在馆 | |
| 4 | 0390624 | 203906247 | 第二借阅区/ [索取号:K281.2/51] | 在馆 | |
| 5 | 0390625 | 203906256 | 第二借阅区/ [索取号:K281.2/51] | 在馆 |